00441nam a2200181Ia 4500008004100000020001800041050001500059050001800074100001900092245003000111245001700141260001500158260003000173260000900203300001600212300001100228500002000239200601s9999 xx 000 0 und d a0-440-20848-3 aREF BL 303 b.E93 1970 c.1 aEvans, Bergen. 0aDictionary of mythology / 0cBergen Evans aNew York : bDell Publishing Co., Inc. c1991 a310 pages : c18 cm. aIncludes index.